Gaming Quiz

Random Gaming or Video Games Quiz
Score 0/36 Timer 16:00
3 Plays Today
Time Game Title % Correct
0:00–0:03Super Mario Bros.
89.6%
0:35–0:45Mortal Kombat
67.1%
3:08–3:17The Legend of Zelda: Ocarina of Time
60.3%
5:16–5:19Pac-Man
57.9%
0:45–0:58Sonic the Hedgehog
55.3%
4:42–4:47Donkey Kong
48.3%
4:47–4:56GoldenEye 007
37%
4:28–4:34Super Mario 64
36.9%
2:11–2:23Super Smash Bros. Melee
33.7%
0:03–0:10Banjo-Kazooie
33.4%
3:01–3:08Mega Man
31%
2:39–2:50Final Fantasy
29.5%
2:23–2:27Super Metroid
29.1%
0:18–0:29Resident Evil: Dead Aim
28.4%
4:56–4:59Kirby's Dream Land
28.1%
4:59–5:16Castlevania: Symphony of the Night
26.8%
1:41–1:49Punch-out!!
24.4%
1:49–2:02Doom
23.5%
Time Game Title % Correct
3:43–3:55Star Fox
20.2%
3:33–3:43Metal Gear
19.4%
0:29–0:35Dig Dug
17.8%
4:23–4:28Tomb Raider: Anniversary
17.3%
0:10–0:18EarthBound
14.8%
3:55–4:02Kid Icarus
13.4%
1:04–1:10Pitfall!
9.9%
1:33–1:41Lemmings
9.2%
1:16–1:33Yoshi's Story
8.9%
2:27–2:39Katamari Damacy
7.1%
0:58–1:04Assassin's Creed
6.2%
2:02–2:11BurgerTime
5.7%
1:10–1:16Left 4 Dead
4.8%
2:50–3:01TimeSplitters 2
4.6%
4:13–4:23Prince of Persia
4.4%
3:17–3:33The Sims 3: Ambitions
4.4%
4:34–4:42Minesweeper
3.8%
4:02–4:13The Oregon Trail
3.5%
Remove Ads.
Support Sporcle.
Get the best of Sporcle when you Go Orange. This ad-free experience offers more features, more stats, and more fun while also helping to support Sporcle. Thank you for becoming a member.

You're not logged in!

Compare scores with friends on all Sporcle quizzes.
OR
Log In

Show Comments

Extras

Top Quizzes Today


Score Distribution

Your Account Isn't Verified!

In order to create a playlist on Sporcle, you need to verify the email address you used during registration. Go to your Sporcle Settings to finish the process.

Report this User

Report this user for behavior that violates our Community Guidelines.

Details: